A-Z Red Velvet Songs - Statistics

General Stats
  • This quiz has been taken 17 times
  • The average score is 15 of 24
Answer Stats
Hint Answer % Correct
B Be Natural, Bad Dracula, Body Talk, Bad Boy, Blue Lemonade, Butterflies, Bing Bing, Better Be, Beg For Me, Bamboleo, Birthday, BYE BYE, Bulldozer, Bubble
100%
D Dumb Dumb, Don't U Wait No More, Day 1
100%
R Red Dress, Rose Scent Breeze, Russian Roulette, Rookie, Red Flavor, Rebirth, RBB (Really Bad Boy), Remember Forever, Rainbow Halo
100%
C Candy, Campfire, Cool World, Cool Hot Sweet Love, Cause it's you, Cookie Jar, Carpool, Color of Love, Celebrate, Chill Kill, Cosmic
89%
O Oh Boy, One Of These Nights, On A Ride, One Kiss
89%
U Umpah Umpah, Underwater
89%
I Ice Cream Cake, I Just, In & Out, In my Dreams, Iced Coffee
78%
K Kingdom Come, Knock On Wood, Knock Knock (Who's There?)
78%
L Lady's Room, Light Me Up, Lucky Girl, Little Little, Last Love, Look, LP, Love Is The Way, Ladies Night, La Rouge, Last Drop, Love Arcade
78%
P Peek-A-Boo, Perfect 10, Power Up, Parade, Psycho, Pose, Pushin' N Pullin'
78%
Q Queendom
78%
Z Zoo, Zimzalabim, ZOOM
78%
M My Dear, Mojito, My Second Date, Moonlight Melody, Mr. E, Mosquito, Milkshake, Milky Way, Marionette
67%
W Wish Tree, Would U, With You, Wildside, Will I Ever See You Again?, Wings
67%
A Automatic, Attaboy, About Love, All Right, Aitai-tai, Another Day
56%
F First Time, Fool, Future, Feel My Rhythm
56%
H Happiness, Huff n Puff, Happily Ever After, Hear The Sea, Hit That Drum, Hello, Sunset
56%
S Something Kinda Crazy, Stupid Cupid, Sunny Afternoon, Some Love, So Good, Sassy Me, Sappy, Swimming Pool, Sayonara, Sunny Side Up!, See the Stars, Snap Snap, Scenery, Sunflower, Sweet Dreams
56%
E Eyes Locked, Hands Locked
33%
J Jumpin', Jackpot
33%
Y You Better Know
33%
G Good, Bad, Ugly
22%
T Take It Slow, Time Slip, Talk To Me, Time To Love, Taste
22%
N Nightmare, Night Drive
11%
No matching quizzes found
Score Distribution
Percent of People with Each Score
Percentile by Number Answered
Your Score History
You have not taken this quiz